Carregant...
50 Thikanjavarkkulla arogya samrakshanam
| Autor principal: | |
|---|---|
| Format: | Printed Book |
| Publicat: |
Kozhikode
Olive publications pvt. ltd.
2013
|
| Matèries: |
| LEADER | 00465nam a22001337a 4500 | ||
|---|---|---|---|
| 020 | |a 9789382934172 | ||
| 082 | |a 613.04 |b JOH.T | ||
| 100 | |a John Powathil | ||
| 245 | |a 50 Thikanjavarkkulla arogya samrakshanam | ||
| 260 | |a Kozhikode |b Olive publications pvt. ltd. |c 2013 | ||
| 650 | |a Malayalam |a Geriatrics | ||
| 942 | |c BK | ||
| 999 | |c 1601 |d 1601 | ||
| 952 | |0 0 |1 0 |4 0 |6 613_040000000000000_JOH_T |7 0 |8 NFIC |9 1604 |a CAMPUS |b CAMPUS |d 2015-01-27 |l 0 |o 613.04 JOH.T |p 18137 |r 2015-01-27 |w 2015-01-27 |y BK | ||